Score 0/14 Timer 02:00
1 Play Today
Hint Answer % Correct
RACESCARED/SACRED
91.9%
HOOTTOOTHY
86.9%
GONELONGER
85.9%
ROOTPROTON
82.6%
NEEDGENDER
82%
TEENRENTED
78.9%
ACRESCREAM
75%
Hint Answer % Correct
WHOAMOHAWK
66%
BURPABRUPT
64.9%
HYPEZEPHYR
64.4%
MAINANIMAL
64.2%
YALEPLAYER
60.2%
SIAMDISMAL
53%
RATSPASTRY
51.7%
Remove Ads.
Support Sporcle.
Get the best of Sporcle when you Go Orange. This ad-free experience offers more features, more stats, and more fun while also helping to support Sporcle. Thank you for becoming a member.

You're not logged in!

Compare scores with friends on all Sporcle quizzes.
OR
Log In

Show Comments

Extras

Top Quizzes Today


Score Distribution

Your Account Isn't Verified!

In order to create a playlist on Sporcle, you need to verify the email address you used during registration. Go to your Sporcle Settings to finish the process.

Report this User

Report this user for behavior that violates our Community Guidelines.

Details: